000 00377nam a2200121Ia 4500
008 231129s9999||||xx |||||||||||||| ||spa||
020 _a958-600-43-0
082 _a658.4092 Q6v
100 _aQuigley Joseh V.
245 0 _aVision : Como la desarrollan los liderez la comparten y la sustentan
264 _aMcGraw-Hill
942 _2ddc
_cBKS
999 _c26348
_d26348